000 nam a22 a 4500
999 _c182857
_d182857
003 BLK
005 20230324125525.0
008 180411b bul|||||r ||||||| ||bul||
010 _aKNG00191782000
020 _a954-524-025-3
040 _aBLK
041 _aBUL
_cBUL
080 _aБългарска литература
_b821.163.2
_x-32
_z821.163.2-32
100 1 _aДжебаров, Иван Маринов
_eпърви автор
_9269712
139 _aДжебаров, Иван Маринов
_bД 50
245 1 0 _aЛудата
_bПовест
_cИван Маринов Джебаров.
257 _aBGR
260 _aВелико Търново
_bУнив. изд. Св. св. Кирил и Методий
_c1993
300 _a112 с.
_c20 см
380 _aX
500 _a8 000 тир.
852 _aЦб 171274
_bЦб
856 4 _qpdf
_i0.00
_ldisable
856 4 _qpdf
_i0.00
_ldisable
942 _cKNG
_n0
_02
_s1
944 _aCR
_c06.10.2016
_kКети_Илиева
944 _aED
_c06.10.2016
_kКети_Илиева
999 _d182857